000 00651nam a2200253Ia 4500
003 OSt
005 20220924122436.0
006 a|||||r|||| 00| 0
007 ta
008 220923b |||||||| |||| 00| 0 san d
024 _a247250
037 _cTextual
040 _aARTS
_cARTS
_bsan
041 _2san
_asan
082 _aO15,1A1, G1.1-.7
100 _aValmiki
245 0 _aRamayana of Valmiki
260 _aLahore
_bVishva - Bandhu Shastri India
_c1931
300 _a356p.
_ccm.
490 _vVol. 7
650 _aSANSKRIT LITERATURE
942 _hO15,1A1, G1.1-.7
_cTEXL
_2CC
999 _c411665
_d411665